Central Library OPAC University of Rajshahi

Fluctuations, growth, and forecasting : (Record no. 45252)

MARC details
000 -LEADER
fixed length control field 00734nam a22002531 4500
001 - CONTROL NUMBER
control field 45252
003 - CONTROL NUMBER IDENTIFIER
rucl marc code BD-RjUJ
005 - DATE AND TIME OF LATEST TRANSACTION
control field 20211209054003.0
008 - FIXED-LENGTH DATA ELEMENTS--GENERAL INFORMATION
fixed length control field 160725s1957 nyua 001 0 eng
035 ## - SYSTEM CONTROL NUMBER
System control number (BD-RjUJ) 45370
040 ## - CATALOGING SOURCE
Original cataloging agency DLC
Transcribing agency DLC
Modifying agency BD-RjUJ
Language of cataloging eng
041 ## - LANGUAGE CODE
Language code of text/sound track or separate title eng
082 ## - DEWEY DECIMAL CLASSIFICATION NUMBER
Classification number 338.54
Edition number 23
Author mark and year MAF 1957
100 1# - MAIN ENTRY--PERSONAL NAME
Personal name Maisel, Sherman J.
9 (RLIN) 138612
245 10 - TITLE STATEMENT
Title Fluctuations, growth, and forecasting :
Remainder of title the principles of dynamic business economics /
260 ## - PUBLICATION, DISTRIBUTION, ETC. (IMPRINT)
Place of publication, distribution, etc. New York :
Name of publisher, distributor, etc. Wiley,
Date of publication, distribution, etc. c1957
300 ## - PHYSICAL DESCRIPTION
Pagination 552 p. :
Illustrations ill. ;
Size 24 cm.
500 ## - GENERAL NOTE
General note includes index
650 #0 - SUBJECT ADDED ENTRY--TOPICAL TERM
Topical term or geographic name as entry element Industrial management.
9 (RLIN) 138613
Topical term or geographic name as entry element Economics.
9 (RLIN) 138614
Topical term or geographic name as entry element Business forecasting.
9 (RLIN) 134616
942 ## - ADDED ENTRY ELEMENTS (KOHA)
Source of classification or shelving scheme Dewey Decimal Classification
Koha item type Books
Holdings
Lost status Source of classification or shelving scheme Damaged status Not for loan Collection code Permanent Location Current Location Shelving location Date acquired Source of acquisition Total Checkouts Full call number Date last seen Copy number Koha item type Cost, normal purchase price
  Dewey Decimal Classification     Non-fiction Central Library, University of Rajshahi Central Library, University of Rajshahi   02/07/1985 Socio eco. book   338.54 MAF 1957 25/07/2016 C-2 Books  
  Dewey Decimal Classification     Non-fiction Central Library, University of Rajshahi Central Library, University of Rajshahi   02/07/1985 Socio eco. book   338.54 MAF 1957 25/07/2016 C-3 Books  
  Dewey Decimal Classification     Non-fiction Central Library, University of Rajshahi Central Library, University of Rajshahi   02/07/1985 Socio eco. book   338.54 MAF 1957 25/07/2016 C-4 Books  
  Dewey Decimal Classification     Non-fiction Central Library, University of Rajshahi Central Library, University of Rajshahi   02/07/1985 Socio eco. book   338.54 MAF 1957 25/07/2016 C-5 Books  
  Dewey Decimal Classification     Non-fiction Central Library, University of Rajshahi Central Library, University of Rajshahi   05/08/1959 John wilay and sons   338.54 MAF 1957 25/07/2016 C-6 Books 6.75
  Dewey Decimal Classification     Non-fiction Central Library, University of Rajshahi Central Library, University of Rajshahi   05/08/1959 John wilay and sons   338.54 MAF 1957 25/07/2016 C-7 Books 6.75